MARC details
| 000 -CABECERA |
| campo de control de longitud fija |
02530nam a2200301 i 4500 |
| 003 - IDENTIFICADOR DEL NÚMERO DE CONTROL |
| campo de control |
DO-SdBNP |
| 005 - FECHA Y HORA DE LA ÚLTIMA TRANSACCIÓN |
| campo de control |
20230508103253.0 |
| 006 - CÓDIGOS DE INFORMACIÓN DE LONGITUD FIJA--CARACTERÍSTICAS DEL MATERIAL ADICIONAL |
| campo de control de longitud fija |
a||||gr|||| 00| 0 |
| 007 - CAMPO FIJO DE DESCRIPCIÓN FÍSICA--INFORMACIÓN GENERAL |
| campo de control de longitud fija |
ta |
| 008 - DATOS DE LONGITUD FIJA--INFORMACIÓN GENERAL |
| campo de control de longitud fija |
230505e2019 dr a|||grl||| 001 0 spa d |
| 040 ## - FUENTE DE LA CATALOGACIÓN |
| Centro catalogador/agencia de origen |
DO-SdBNP |
| Lengua de catalogación |
spa |
| Centro/agencia transcriptor |
BNPHU |
| Normas de descripción |
rda |
| 082 #4 - NÚMERO DE LA CLASIFICACIÓN DECIMAL DEWEY |
| Número de edición |
22 |
| Número de documento/Ítem |
R426n, 2019 |
| 110 1# - ENTRADA PRINCIPAL--NOMBRE DE ENTIDAD CORPORATIVA |
| 9 (RLIN) |
78062 |
| Nombre de entidad corporativa o nombre de jurisdicción como elemento de entrada |
Repùblica Dominicana. |
| Unidad subordinada |
Defensor del Pueblo |
| 240 ## - TÍTULO UNIFORME |
| Título uniforme |
Ley no. 19-01, No. 367-09 |
| Lenguaje de la obra |
spa |
| 245 10 - MENCIÓN DE TÍTULO |
| Título |
Normativa sobre el defensor del pueblo: |
| Resto del título |
Constitución de la República de 2010 (fragmentos). Ley no. 10-01. Ley no. 367-09. fragmentos de las leyes nos. 12-06, 186-07, 137-11,1-12, 590-16 y 33-18. sentencia no. TC/0695 17 de fecha 8 de noviembre de 2017. organigrama del Estado Dominicano. organigrama interno del Defensor del Pueblo./ |
| Mención de responsabilidad, etc. |
Edición al cuidado de: Juan Miguel Castillo Roldán, Nilo Vinicio de la Rosa; presentación, Zoila V. Martínez Guante. |
| 250 ## - MENCIÓN DE EDICIÓN |
| Mención de edición |
4a. edición |
| 264 30 - PRODUCCIÓN, PUBLICACIÓN, DISTRIBUCIÓN, FABRICACIÓN Y COPYRIGHT |
| Producción, publicación, distribución, fabricación y copyright |
Santo Domingo : |
| Nombre del de productor, editor, distribuidor, fabricante |
Tele-3, SRL |
| Fecha de producción, publicación, distribución, fabricación o copyright |
2019 |
| 300 ## - DESCRIPCIÓN FÍSICA |
| Extensión |
78 páginas : |
| Otras características físicas |
ilustraciones ; |
| Dimensiones |
22 cm |
| 336 ## - TIPO DE CONTENIDO |
| Fuente |
rdaconten |
| Término de tipo de contenido |
texto |
| Código de tipo de contenido |
txt |
| 337 ## - TIPO DE MEDIO |
| Fuente |
rdamedia |
| Nombre/término del tipo de medio |
sin medición |
| Código del tipo de medio |
n |
| 338 ## - TIPO DE SOPORTE |
| Fuente |
rdacarrier |
| Nombre/término del tipo de soporte |
volumen |
| Código del tipo de soporte |
nc |
| 505 ## - NOTA DE CONTENIDO CON FORMATO |
| Nota de contenido con formato |
Presentación. |
| Título |
Constitución de la República de 2010 (fragmentos).- |
| -- |
Ley no. 19-01 que crea el Defensor del Pueblo, de fecha 1ro, de febrero de 2001, G.O. no. 10072.-- |
| -- |
Ley no. 367-09, de fecha 23 de diciembre de 2009, que modifica los artículos 4 y 7 de Ley no. 19-01, que crea el Defensor del Pueblo, G.O. no 10556.-- |
| -- |
Fragmentos de leyes.-- |
| -- |
Ley no. 12-06 sobre Salud Mental, de fecha 3 de febrero de 2006, G.o. no. 10355.-- |
| -- |
Ley no. 186-07, que introduce modificaciones a la Ley General de Electricidad no. 125-01, de fecha 6 de agosto de 2007, G.O. no. 10429.-- |
| -- |
Ley no. 137-11, orgánica del Tribunal Constitucional y de los Procedimientos Constitucionales, de fecha 13 de junio de 2011, G.O. 10622.-- |
| -- |
Ley no. 1-12 que establece la Estrategia Nacional de Desarrollo 2030, de fecha 25 de enero 2021, G.O. no. 10656.-- |
| -- |
Ley no. 590-16 Orgánica de la Policía Nacional, de fecha 15 de julio 20016, G.O. 10850.-- |
| -- |
Ley no. 33-18 sobre Partidos y Agrupaciones Políticas, G.O. no. 10917.-- |
| -- |
Sentencia no. TC/0695/17 de fecha 8 de noviembre de 2017, del Tribunal Constitucional de la República Dominicana.-- |
| Identificador Uniforme del Recurso |
<a href="Organigramas.">Organigramas.</a> |
| 590 ## - NOTA LOCAL (RLIN) |
| Nota local |
Inventariado 2023 / MF |
| 700 1# - PUNTO DE ACCESO ADICIONAL--NOMBRE DE PERSONA |
| Nombre de persona |
Castillo Roldán, Juan Miguel, |
| Fechas asociadas al nombre |
edición |
| 9 (RLIN) |
83333 |
| 700 1# - PUNTO DE ACCESO ADICIONAL--NOMBRE DE PERSONA |
| 9 (RLIN) |
81738 |
| Nombre de persona |
Rosa Jourdain, Nilo Vinicio, De la |
| Término indicativo de función/relación |
edición |
| 700 1# - PUNTO DE ACCESO ADICIONAL--NOMBRE DE PERSONA |
| Nombre de persona |
Martínez Guante, Zoila V. |
| Término indicativo de función/relación |
presentación |
| 9 (RLIN) |
83334 |
| 942 ## - ELEMENTOS DE PUNTO DE ACCESO ADICIONAL (KOHA) |
| Fuente del sistema de clasificación o colocación |
Dewey Decimal Classification |
| Tipo de ítem Koha |
Libro |